| 000 | 01342nam0a2200349 4500 | ||
|---|---|---|---|
| 001 | RU\NLR\BIBL_A\012869002 | ||
| 005 | 20220906103141.0 | ||
| 010 |
_a978-5-17-077909-3 _bАСТ _94000 |
||
| 021 |
_aRU _bКН-П-22-037506 _9КН-П-22-3223 |
||
| 021 |
_aRU _bКН-П-22-037507 _9КН-П-22-3223 |
||
| 035 | _a(NLR Aleph) 012869002 | ||
| 090 |
_a12483018 _c12483018 |
||
| 100 | _a20220817d2021 u y0rusy50 ca | ||
| 101 | 1 |
_arus _ceng |
|
| 102 | _aRU | ||
| 105 | _aa g 000zy | ||
| 181 | 0 |
_ab3 _bxb2e |
|
| 181 | 0 |
_ai2 _baxxe |
|
| 182 | 0 | _an | |
| 200 | 1 |
_aБольшой атлас анатомии человека _f[перевод с английского Махияновой Елены Борисовны] |
|
| 203 |
_aИзображение _aТекст _bвизуальные _cнепосредственные |
||
| 210 |
_aМосква _cАСТ _d2021 |
||
| 215 |
_a[72] с. _cцв. ил. _d31 |
||
| 225 | 1 | _aЛучшие в мире анатомические таблицы | |
| 333 | _a16+ | ||
| 606 | 1 |
_aЧеловек _xАнатомия _jАтласы _2nlr_sh2 _3RU\NLR\AUTH\661255980 |
|
| 686 | 1 | _aЕ860я61 | |
| 702 | 1 |
_aМахиянова _bЕ. Б. _gЕлена Борисовна _4730 |
|
| 942 | _cBOOK | ||
| 980 | _aNB | ||